000 00518nam a2200193 a 4500
001 1767860136140
003 YourLibrary
005 20260108150647.0
008 260108s2001##################000#0#eng##
020 _a9780847691791
082 0 4 _a301.01
_bSOB
100 1 _aSobrinho, Blasco José,
_eauthor.
245 1 0 _aSigns, Solidarities, and Sociology :
260 _bRowman & Littlefield,
_c2001.
300 _a328 pages
650 0 _aPhilosophy.
942 _cENGLISH
040 _aYourLibrary
_beng
_cYourLibrary
999 _c607894
_d607894